[Event "Open d'Avoine 2017"]
[Site "Avoine"]
[Date "2017.07.22"]
[Round "9.27"]
[White "Mauffrey, Hugues"]
[Black "Pietrasanta, Jeremy"]
[Result "0-1"]
[WhiteElo "1923"]
[BlackElo "2234"]
[PlyCount "84"]
[EventDate "2017.??.??"]

1. e4 d5 2. exd5 Qxd5 3. Nc3 Qd6 4. d4 Nf6 5. Nf3 a6 6. g3 Bg4 7. Bg2 Nc6 8.
O-O O-O-O 9. Bf4 Qd7 10. Qd3 Bh3 11. Ne5 Nxe5 12. dxe5 Bxg2 13. Kxg2 Qxd3 14.
cxd3 Nd5 15. Nxd5 Rxd5 16. e6 fxe6 17. Rfe1 Kd7 18. Rac1 c6 19. Rc4 g5 20. Be5
Rg8 21. Rce4 Rxd3 22. Rd4+ Rxd4 23. Bxd4 Bg7 24. Bc5 e5 25. Kf3 Ke6 26. Rd1 h5
27. h3 b6 28. Be3 Bf6 29. g4 hxg4+ 30. hxg4 c5 31. b4 cxb4 32. Bxb6 Rb8 33. Be3
a5 34. Rc1 a4 35. Rc6+ Kd5 36. Rc5+ Kd6 37. Ke4 b3 38. axb3 axb3 39. Rc1 b2 40.
Rb1 Rb4+ 41. Kf5 e4 42. Bxg5 Rb5+ 0-1

[Event "Open d'Avoine 2017"]
[Site "Avoine"]
[Date "2017.07.22"]
[Round "9.28"]
[White "Le, Quan Anh"]
[Black "Mevel, Alberic"]
[Result "0-1"]
[WhiteElo "1922"]
[BlackElo "2189"]
[PlyCount "66"]
[EventDate "2017.??.??"]

1. e4 e5 2. Nf3 Nc6 3. d4 exd4 4. Nxd4 Bc5 5. Nb3 Bb6 6. Nc3 d6 7. Qe2 Nge7 8.
Be3 O-O 9. O-O-O f5 10. f3 f4 11. Bd4 Nxd4 12. Nxd4 Qe8 13. g4 fxg3 14. hxg3
Nc6 15. Nb3 Be6 16. Nd5 Ne7 17. Qh2 h6 18. Nf4 Bf7 19. Kb1 a5 20. Bh3 a4 21.
Nd4 Bxd4 22. Rxd4 a3 23. b3 Nc6 24. Rdd1 Qe5 25. Nd3 Qf6 26. f4 Qd4 27. Rhe1
Rfe8 28. Bg2 Nb4 29. Qg1 Qc3 30. Re2 Nxd3 31. cxd3 Bxb3 32. axb3 a2+ 33. Rxa2
Rxa2 0-1

[Event "Open d'Avoine 2017"]
[Site "Avoine"]
[Date "2017.07.22"]
[Round "9.29"]
[White "Cantin, Loic"]
[Black "Vekemans, Sylvain"]
[Result "1/2-1/2"]
[WhiteElo "2184"]
[BlackElo "1919"]
[PlyCount "149"]
[EventDate "2017.??.??"]

1. Nf3 c5 2. e4 Nc6 3. Bb5 Nd4 4. Nxd4 cxd4 5. O-O g6 6. c3 Bg7 7. cxd4 Bxd4 8.
Nc3 a6 9. Bc4 b5 10. Bb3 d6 11. Qf3 Nf6 12. h3 Be6 13. Bxe6 fxe6 14. a4 O-O 15.
Ne2 Qb6 16. Nxd4 Qxd4 17. d3 bxa4 18. Qd1 Nd7 19. Rxa4 Qb6 20. Qg4 Rf6 21. Bg5
Ne5 22. Qe2 Rf7 23. d4 Nc6 24. Be3 d5 25. Rfa1 a5 26. Qg4 Nb4 27. Bd2 Raf8 28.
Rxa5 Qxd4 29. Bxb4 Qxb4 30. Qxe6 Qxb2 31. R5a2 Qf6 32. exd5 Qxe6 33. dxe6 Rf6
34. Re2 Rd8 35. Ra7 Kf8 36. g3 Rd6 37. Ra8+ Kg7 38. Re8 Rfxe6 39. Rxe7+ Rxe7
40. Rxe7+ Kg8 41. Kg2 Rd3 42. h4 Ra3 43. h5 Ra5 44. hxg6 hxg6 45. g4 Kf8 46.
Rb7 Ra3 47. f3 Ra4 48. Kg3 Rc4 49. Kh4 Rc5 50. f4 Ra5 51. Rd7 Rb5 52. Rd3 Kf7
53. Kg3 Kf6 54. Kf3 Rb4 55. Rd6+ Kf7 56. g5 Ra4 57. Rd7+ Kf8 58. Ke3 Rb4 59.
Rd4 Rb1 60. Ke4 Re1+ 61. Kd5 Kf7 62. Kd6 Re2 63. Kd7 Re1 64. Rd6 Re7+ 65. Kc6
Re6 66. Kd5 Re1 67. Rd7+ Kf8 68. Ra7 Re2 69. Ra6 Kf7 70. Rf6+ Kg7 71. Kd6 Re4
72. Kd5 Re2 73. Ra6 Kf7 74. Ra7+ Kf8 75. Kd4 1/2-1/2

[Event "Open d'Avoine 2017"]
[Site "Avoine"]
[Date "2017.07.22"]
[Round "9.30"]
[White "Roux, Baptiste"]
[Black "Merenciano, Alexandre"]
[Result "1-0"]
[WhiteElo "1915"]
[BlackElo "2165"]
[PlyCount "47"]
[EventDate "2017.??.??"]

1. e4 c6 2. Nf3 d5 3. Nc3 dxe4 4. Nxe4 Nf6 5. Nxf6+ gxf6 6. d4 Qd5 7. c4 Qe4+
8. Be2 Rg8 9. O-O Bh3 10. g3 Bxf1 11. Bxf1 Nd7 12. Bg2 Qf5 13. Qb3 O-O-O 14.
Qa4 Kb8 15. b4 e5 16. c5 a6 17. Qa5 Be7 18. a4 Ka8 19. d5 cxd5 20. c6 bxc6 21.
Qxa6+ Kb8 22. b5 cxb5 23. axb5 Bc5 24. Qa8+ 1-0

[Event "Open d'Avoine 2017"]
[Site "Avoine"]
[Date "2017.07.22"]
[Round "9.31"]
[White "Goulesque, Camille"]
[Black "Maloberti, David"]
[Result "0-1"]
[WhiteElo "1909"]
[BlackElo "2161"]
[PlyCount "114"]
[EventDate "2017.??.??"]

1. e4 e6 2. d4 d5 3. e5 c5 4. c3 Qb6 5. Ne2 Nc6 6. Na3 Bd7 7. Nc2 Rc8 8. f4 Nh6
9. g3 Be7 10. Bh3 cxd4 11. Ncxd4 Bc5 12. Rb1 Nxd4 13. Nxd4 Bxd4 14. Qxd4 Qa6
15. a3 Rc4 16. Qd1 Re4+ 17. Kf2 Qb6+ 18. Kf3 Bc6 19. Re1 O-O 20. g4 Rd8 21. Kg3
d4 22. c4 Rxe1 23. Qxe1 Qb3+ 24. Kh4 b6 25. Bd2 Qxc4 26. Rc1 Qd5 27. f5 exf5
28. gxf5 Kh8 29. f6 gxf6 30. Bxh6 d3 31. Qg1 Rg8 32. Qf2 Qe4+ 33. Qf4 fxe5 34.
Qxe4 Bxe4 35. Rc7 Rd8 36. Bd2 Bg6 37. Kg5 Kg7 38. Bf5 h6+ 39. Kg4 Rd4+ 40. Kf3
Bxf5 41. Rxa7 Kg6 42. Ra6 Rd6 43. Ke3 Bc8 44. Ra7 f5 45. Re7 f4+ 46. Ke4 {(=)}
Kf6 47. Rc7 Bg4 48. Rc4 b5 49. Rb4 Bd7 50. Kf3 Bc6+ 51. Kg4 Bd7+ 52. Kf3 Kf5
53. Kf2 Bc6 54. Ke1 e4 55. Bc3 e3 56. Bd4 d2+ 57. Ke2 Bf3+ 0-1

[Event "Open d'Avoine 2017"]
[Site "Avoine"]
[Date "2017.07.22"]
[Round "9.32"]
[White "De Lussac, Rainier"]
[Black "Algaba, Pedro"]
[Result "1/2-1/2"]
[WhiteElo "2149"]
[BlackElo "1913"]
[PlyCount "76"]
[EventDate "2017.??.??"]

1. d4 d5 2. c4 c6 3. Nf3 Nf6 4. Qc2 g6 5. Bf4 Bg7 6. e3 Bf5 7. Qb3 Qb6 8. Nc3
Qxb3 9. axb3 Nbd7 10. Be2 h6 11. h3 g5 12. Bh2 Ne4 13. g4 Nxc3 14. bxc3 Be4 15.
cxd5 cxd5 16. Rg1 O-O 17. h4 Bf6 18. Kd2 a6 19. Ra5 e6 20. hxg5 hxg5 21. Ne1
Kg7 22. f3 Bg6 23. Nd3 Bd8 24. Ra2 Rc8 25. c4 f6 26. c5 Nb8 27. Bxb8 Rxb8 28.
c6 bxc6 29. Nc5 Re8 30. Rxa6 Re7 31. Bd3 Bb6 32. Na4 Bc7 33. Bxg6 Kxg6 34. Rc1
Rxb3 35. Rcxc6 Rh7 36. Rc3 Rh2+ 37. Kc1 Rh1+ 38. Kd2 Rh2+ 1/2-1/2

[Event "Open d'Avoine 2017"]
[Site "Avoine"]
[Date "2017.07.22"]
[Round "9.33"]
[White "Marimoutou, Loic"]
[Black "Gauclain, Loic"]
[Result "1-0"]
[WhiteElo "2143"]
[BlackElo "1832"]
[PlyCount "51"]
[EventDate "2017.??.??"]

1. e4 e6 2. d3 d5 3. Nd2 c5 4. Ngf3 Nf6 5. g3 Nc6 6. Bg2 Bd6 7. O-O O-O 8. Re1
Qc7 9. b3 a5 10. Bb2 d4 11. a4 e5 12. Nh4 Ne7 13. Nc4 Bg4 14. Qd2 Nd7 15. Qg5
f5 16. h3 h6 17. Qd2 g5 18. hxg4 gxh4 19. gxf5 hxg3 20. Qxh6 gxf2+ 21. Kxf2 Nf6
22. Bf3 Nxf5 23. exf5 Kf7 24. Rg1 Rg8 25. Bd5+ Ke7 26. Rg7+ 1-0

[Event "Open d'Avoine 2017"]
[Site "Avoine"]
[Date "2017.07.22"]
[Round "9.34"]
[White "Zeuner, Michael"]
[Black "Marchais, Antoine"]
[Result "1-0"]
[WhiteElo "2122"]
[BlackElo "1794"]
[PlyCount "67"]
[EventDate "2017.??.??"]

1. g3 f5 2. Bg2 Nf6 3. d3 e5 4. Nf3 Nc6 5. O-O Be7 6. e4 d6 7. c3 fxe4 8. dxe4
Be6 9. Qe2 h6 10. Nh4 Qd7 11. Na3 g5 12. Nf5 O-O-O 13. Nc4 Rdg8 14. b4 Bf8 15.
b5 Nd8 16. Nce3 h5 17. c4 Nf7 18. Rd1 Qe8 19. h3 g4 20. h4 Nd7 21. a4 Nh6 22.
a5 Nf7 23. Ba3 Nc5 24. Rab1 Rg6 25. Qc2 Bxf5 26. exf5 Rgg8 27. Nd5 Bg7 28. f6
Bf8 29. a6 b6 30. Bxc5 dxc5 31. Nxb6+ cxb6 32. Qe4 Nd6 33. Qa8+ Kd7 34. Bc6+
1-0

[Event "Open d'Avoine 2017"]
[Site "Avoine"]
[Date "2017.07.22"]
[Round "9.35"]
[White "Aubert, Estee"]
[Black "Bournel, Antoine"]
[Result "1-0"]
[WhiteElo "1890"]
[BlackElo "2084"]
[PlyCount "67"]
[EventDate "2017.??.??"]

1. Nf3 c5 2. g3 Nc6 3. Bg2 e5 4. c4 g6 5. Nc3 Nge7 6. Ne4 Nf5 7. d3 d6 8. g4
Nfd4 9. Bg5 Be7 10. Nxd4 Nxd4 11. Bxe7 Kxe7 12. e3 Qa5+ 13. Kf1 Nc6 14. Nc3 Be6
15. Bd5 Kd7 16. Qf3 Raf8 17. g5 Qd8 18. Ne4 h6 19. Nf6+ Kc7 20. h4 hxg5 21.
hxg5 Rxh1+ 22. Qxh1 Rh8 23. Qf3 Ne7 24. Bxe6 fxe6 25. Ke2 d5 26. Rc1 Qd6 27.
Rh1 e4 28. dxe4 Rxh1 29. Ne8+ Kd7 30. Nxd6 Rb1 31. Qf4 Rxb2+ 32. Kf3 b5 33.
Nxb5 dxc4 34. Qc7+ 1-0

[Event "Open d'Avoine 2017"]
[Site "Avoine"]
[Date "2017.07.22"]
[Round "9.36"]
[White "Kavciyan, Yega"]
[Black "Delinotte, Mathieu"]
[Result "1-0"]
[WhiteElo "2082"]
[BlackElo "1740"]
[PlyCount "47"]
[EventDate "2017.??.??"]

1. e4 c5 2. Nf3 Nc6 3. d4 cxd4 4. Nxd4 g6 5. Nc3 Bg7 6. Be3 Nf6 7. Bc4 O-O 8.
Bb3 a6 9. f3 b5 10. Qd2 Bb7 11. h4 h5 12. O-O-O Qc7 13. g4 hxg4 14. h5 gxh5 15.
Bh6 Nxd4 16. Bxg7 Ne6 17. Bxe6 fxe6 18. Qg5 Nxe4 19. fxe4 Qf4+ 20. Qxf4 Rxf4
21. Be5 Rf3 22. Rxd7 Bc6 23. Rxe7 b4 24. Rxh5 1-0

[Event "Open d'Avoine 2017"]
[Site "Avoine"]
[Date "2017.07.22"]
[Round "9.37"]
[White "Gattuso, Christophe"]
[Black "Djidjeli, Sofiane"]
[Result "0-1"]
[WhiteElo "1888"]
[BlackElo "2065"]
[PlyCount "72"]
[EventDate "2017.??.??"]

1. e4 c6 2. d4 d5 3. e5 c5 4. dxc5 Nc6 5. Nf3 e6 6. a3 Bxc5 7. b4 Bb6 8. Bb2
Nge7 9. Bd3 Ng6 10. O-O O-O 11. Re1 f6 12. Bxg6 hxg6 13. c4 dxc4 14. Qxd8 Bxd8
15. Nbd2 b5 16. Ne4 Be7 17. exf6 gxf6 18. Nd4 Nxd4 19. Bxd4 e5 20. Bc5 Bxc5 21.
bxc5 Bf5 22. Nd6 Rfc8 23. Nxc8 Rxc8 24. f4 Rxc5 25. fxe5 fxe5 26. Re3 a5 27. h3
b4 28. g4 Bd3 29. axb4 axb4 30. Rf3 Be4 31. Rf6 c3 32. Raf1 c2 33. Rf8+ Kg7 34.
h4 Bf5 35. gxf5 Kxf8 36. fxg6+ Kg8 0-1

[Event "Open d'Avoine 2017"]
[Site "Avoine"]
[Date "2017.07.22"]
[Round "9.38"]
[White "Seite, Yamina"]
[Black "Lebret, Jean-Michel"]
[Result "1-0"]
[WhiteElo "1786"]
[BlackElo "2063"]
[PlyCount "155"]
[EventDate "2017.??.??"]

1. e4 c5 2. Nc3 d6 3. Bb5+ Bd7 4. Bxd7+ Qxd7 5. f4 Nc6 6. Nf3 e6 7. O-O Be7 8.
d3 Nf6 9. Qe1 O-O 10. Qg3 Ne8 11. Bd2 Rc8 12. Rac1 a6 13. f5 d5 14. Ng5 Nd8 15.
fxe6 fxe6 16. Rxf8+ Bxf8 17. Qh3 h6 18. Nf3 Nf6 19. exd5 Nxd5 20. Ne5 Qc7 21.
Ng6 Nxc3 22. Bxc3 Bd6 23. Rf1 Qd7 24. Qg4 Nc6 25. Rf3 Nd4 26. Rh3 Kh7 27. Nh4
Qe8 28. Qe4+ Kg8 29. Nf3 Qc6 30. Qg6 Qe8 31. Rxh6 Qxg6 32. Rxg6 Kf7 33. Rg4
Nxf3+ 34. gxf3 g6 35. Rh4 e5 36. Rh7+ Ke6 37. Rxb7 Rf8 38. Kg2 c4 39. dxc4 Rf4
40. b3 e4 41. fxe4 Rxe4 42. Rb6 Kd7 43. Kf3 Rh4 44. Be1 Rf4+ 45. Ke3 Rg4 46.
Rxa6 Bxh2 47. Kf3 Rg5 48. b4 Bc7 49. c5 Rf5+ 50. Kg4 Rf1 51. Bc3 Rc1 52. Ra7
Kc6 53. a4 Rxc2 54. b5+ Kd5 55. Rxc7 Rxc3 56. Rd7+ Ke6 57. c6 Rc4+ 58. Kg5 Rxa4
59. Rd8 Rc4 60. Kxg6 Rc5 61. Rb8 Kd6 62. Kf6 Rc1 63. Rd8+ Kc7 64. Rd7+ Kc8 65.
Ke6 Rb1 66. Rb7 Ra1 67. b6 Re1+ 68. Kd6 Rd1+ 69. Ke7 Re1+ 70. Kf7 Rc1 71. Rc7+
Kb8 72. Ke7 Rb1 73. Rb7+ Kc8 74. Ke8 Re1+ 75. Re7 Rh1 76. b7+ Kb8 77. Kd8 Rh8+
78. Kd7 1-0

[Event "Open d'Avoine 2017"]
[Site "Avoine"]
[Date "2017.07.22"]
[Round "9.39"]
[White "Kutchoukov, Daniel"]
[Black "Heurtebize, Christophe"]
[Result "1-0"]
[WhiteElo "1772"]
[BlackElo "2053"]
[PlyCount "87"]
[EventDate "2017.??.??"]

1. e4 c5 2. Nc3 e6 3. f4 d6 4. Nf3 Nf6 5. Bb5+ Nbd7 6. Bxd7+ Bxd7 7. O-O Be7 8.
d3 O-O 9. Qe1 b5 10. e5 Ne8 11. exd6 Nxd6 12. Ne4 Nf5 13. Ne5 Be8 14. Be3 Qc7
15. Qf2 Rc8 16. Rae1 Bh4 17. g3 Be7 18. Qe2 c4 19. d4 b4 20. g4 Nxe3 21. Qxe3
Qa5 22. g5 Qxa2 23. f5 exf5 24. Rxf5 Qa6 25. Ref1 Kh8 26. Qh3 Qe6 27. g6 h6 28.
Qh5 f6 29. Ng5 Qd6 30. Nef7+ Bxf7 31. Nxf7+ Rxf7 32. gxf7 Qxd4+ 33. R1f2 Kh7
34. Qe2 Qd7 35. Qe4 g6 36. Rd5 Qc7 37. Rg2 Bc5+ 38. Rxc5 Qxc5+ 39. Kh1 f5 40.
Qe6 g5 41. Rd2 Qf8 42. Rd6 Rc7 43. Qg6+ Kh8 44. Rd8 1-0

[Event "Open d'Avoine 2017"]
[Site "Avoine"]
[Date "2017.07.22"]
[Round "9.40"]
[White "Piar, Hugo"]
[Black "Jackson, Thomas"]
[Result "0-1"]
[WhiteElo "1556"]
[BlackElo "2043"]
[PlyCount "134"]
[EventDate "2017.??.??"]

1. d4 Nf6 2. c4 e6 3. Nf3 b6 4. g3 c6 5. Bg2 Be7 6. O-O O-O 7. a3 d5 8. cxd5
cxd5 9. Nc3 Nbd7 10. b4 Bb7 11. Nd2 Rc8 12. Bb2 Ne8 13. e4 dxe4 14. Ndxe4 Bxe4
15. Nxe4 Ndf6 16. Qd2 Nxe4 17. Bxe4 Nd6 18. Bd3 Nc4 19. Bxc4 Rxc4 20. Rac1 Rxc1
21. Rxc1 Qd7 22. Qc3 Rd8 23. Qc7 Kf8 24. Qxd7 Rxd7 25. Rc8+ Bd8 26. Kf1 Ke7 27.
Ke2 Rd5 28. h4 Kd7 29. Rc1 a5 30. Bc3 axb4 31. axb4 Kc6 32. Ra1 Rd7 33. Ke3 Kb5
34. Rc1 Bf6 35. Rc2 Kc4 36. Rc1 Kb3 37. Ke4 g6 38. Ke3 Bg7 39. g4 f5 40. f3
Bh6+ 41. g5 Bg7 42. f4 Kc4 43. Rc2 Ra7 44. Bd2+ Kd5 45. Bc3 Ra3 46. Kd2 Ke4 47.
Kc1 Kxf4 48. Kb2 Ra7 49. Re2 Re7 50. Kb3 Kg4 51. d5 Bxc3 52. Rxe6 Bxb4 53. Kxb4
Rd7 54. d6 f4 55. Kb5 f3 56. Kc6 f2 57. Rf6 Rxd6+ 58. Kxd6 Kg3 59. Ke7 b5 60.
Kf7 b4 61. Kg7 b3 62. Kxh7 b2 63. Rxf2 Kxf2 64. Kxg6 b1=Q+ 65. Kg7 Qf5 66. g6
Kg3 67. h5 Qxh5 0-1

[Event "Open d'Avoine 2017"]
[Site "Avoine"]
[Date "2017.07.22"]
[Round "9.41"]
[White "Bressy, Theo"]
[Black "Quetin, Alois"]
[Result "1-0"]
[WhiteElo "2031"]
[BlackElo "1748"]
[PlyCount "51"]
[EventDate "2017.??.??"]

1. g3 d5 2. Bg2 Nf6 3. d3 c5 4. Nd2 g6 5. b3 Bg7 6. Bb2 Nc6 7. e4 e5 8. Ne2 O-O
9. O-O Re8 10. h3 d4 11. f4 Nh5 12. f5 Bh6 13. Bc1 Be3+ 14. Kh2 Ng7 15. g4 h5
16. Nf3 Bxc1 17. Qxc1 hxg4 18. hxg4 gxf5 19. gxf5 f6 20. Qh6 Re7 21. Bh3 Rc7
22. Rg1 Qf8 23. Rg6 Rf7 24. Rag1 Ne7 25. R6g4 Bxf5 26. Rh4 1-0

[Event "Open d'Avoine 2017"]
[Site "Avoine"]
[Date "2017.07.22"]
[Round "9.42"]
[White "Deveque, Guillaume"]
[Black "Mir, Nicolas"]
[Result "1/2-1/2"]
[WhiteElo "1962"]
[BlackElo "1682"]
[PlyCount "124"]
[EventDate "2017.??.??"]

1. b4 d5 2. e3 Nf6 3. c4 c6 4. Nf3 Bf5 5. Nc3 e6 6. b5 Be7 7. Be2 h6 8. O-O O-O
9. d4 c5 10. Qb3 Nbd7 11. Ba3 dxc4 12. Bxc4 cxd4 13. Bxe7 Qxe7 14. Nxd4 Bg6 15.
a4 Rac8 16. Rac1 Nb6 17. Be2 Nbd5 18. Nxd5 Nxd5 19. Bf3 Nf6 20. Rc3 e5 21. Nc2
Be4 22. Rc1 Bxf3 23. gxf3 Rc7 24. Nb4 Rfc8 25. a5 Qd7 26. b6 axb6 27. axb6 Rxc3
28. Rxc3 Rxc3 29. Qxc3 e4 30. fxe4 Qg4+ 31. Kf1 Nxe4 32. Qd4 Qf3 33. Nd3 Qd1+
34. Kg2 Qg4+ 35. Kh1 Qd1+ 36. Kg2 Ng5 37. Ne5 Qxd4 38. exd4 Ne6 39. Nc6 Nf4+
40. Kf3 Nd5 41. Na5 Nxb6 42. Ke4 Kf8 43. Nxb7 Ke7 44. d5 Kd7 45. Kd4 Nc8 46.
Nc5+ Ke7 47. h4 Nd6 48. h5 g6 49. hxg6 fxg6 50. Ne6 Kf6 51. f3 h5 52. Kc5 Nf5
53. Nf4 Kg5 54. Ne6+ Kf6 55. f4 Ke7 56. Kc6 h4 57. Ng5 Nd6 58. Nh3 Nf7 59. Kc7
Nd6 60. Ng5 Ne8+ 61. Kc6 Nd6 62. Kc5 Nf5 1/2-1/2

[Event "Open d'Avoine 2017"]
[Site "Avoine"]
[Date "2017.07.22"]
[Round "9.43"]
[White "Delorme, Alban"]
[Black "Lardon, Quentin"]
[Result "1-0"]
[WhiteElo "2283"]
[BlackElo "1648"]
[PlyCount "101"]
[EventDate "2017.??.??"]

1. e4 d6 2. d4 g6 3. Nc3 Bg7 4. Be3 c6 5. Qd2 b5 6. O-O-O Nd7 7. Kb1 Qa5 8. h4
h5 9. f3 Nb6 10. Bd3 Rb8 11. Nce2 Qxd2 12. Rxd2 Nc4 13. Bxc4 bxc4 14. Nh3 Bxh3
15. Rxh3 a5 16. c3 e6 17. Bf4 Kd7 18. Rh1 Rb7 19. Bg5 d5 20. e5 Rb8 21. g4 hxg4
22. fxg4 Bh6 23. Rdd1 Bxg5 24. hxg5 Ne7 25. Kc2 a4 26. Rdf1 Rxh1 27. Rxh1 Rg8
28. Rh7 Ke8 29. b3 axb3+ 30. axb3 cxb3+ 31. Kxb3 Kf8 32. Kb4 Rg7 33. Rh1 Rg8
34. Kc5 Kg7 35. Kd6 Nc8+ 36. Kxc6 Rh8 37. Rxh8 Kxh8 38. Kc7 Na7 39. Kb6 Nc8+
40. Kb7 Ne7 41. Kc7 Kg7 42. Kd7 Kf8 43. Nc1 Ng8 44. Nd3 Ne7 45. Nb4 Ng8 46. Nc6
Kg7 47. Ke8 f6 48. gxf6+ Nxf6+ 49. exf6+ Kxf6 50. Kd7 Kg5 51. Kxe6 1-0

[Event "Open d'Avoine 2017"]
[Site "Avoine"]
[Date "2017.07.22"]
[Round "9.44"]
[White "Trouve, Guillaume"]
[Black "Grateau, Jean-Noel"]
[Result "1-0"]
[WhiteElo "2214"]
[BlackElo "1882"]
[PlyCount "59"]
[EventDate "2017.??.??"]

1. e4 c5 2. Nf3 e6 3. d4 cxd4 4. Nxd4 a6 5. Bd3 Ne7 6. Nc3 Nbc6 7. Be3 Nxd4 8.
Bxd4 Nc6 9. Be3 b5 10. a3 Bb7 11. O-O Qc7 12. Qe2 Ne5 13. a4 Nxd3 14. cxd3 b4
15. Nb1 d5 16. Nd2 Be7 17. Rac1 Qd7 18. e5 O-O 19. d4 Rac8 20. Rxc8 Rxc8 21. f4
g6 22. g4 f5 23. exf6 Bxf6 24. f5 exf5 25. gxf5 gxf5 26. Nb3 Qg7+ 27. Kh1 Kh8
28. Rxf5 Be7 29. Bf4 Kg8 30. Qe6+ 1-0

[Event "Open d'Avoine 2017"]
[Site "Avoine"]
[Date "2017.07.22"]
[Round "9.45"]
[White "Herdier, Goulwenn"]
[Black "Djidjeli, Sarah"]
[Result "1/2-1/2"]
[WhiteElo "2149"]
[BlackElo "1865"]
[PlyCount "69"]
[EventDate "2017.??.??"]

1. e4 c5 2. Nf3 Nc6 3. Bb5 g6 4. O-O Bg7 5. Re1 Nf6 6. c3 O-O 7. d4 cxd4 8.
cxd4 d5 9. e5 Ne8 10. h3 Nc7 11. Ba4 f6 12. exf6 exf6 13. Nc3 a6 14. Bb3 Qd6
15. g3 g5 16. Kg2 Bf5 17. h4 h6 18. Be3 Rae8 19. Bc2 Bxc2 20. Qxc2 Ne7 21. Rh1
g4 22. Ne1 Qd7 23. Qd2 Nf5 24. Nd3 Ne6 25. Nf4 Nxe3+ 26. Qxe3 f5 27. Nxe6 Rxe6
28. Qd3 f4 29. Rhf1 Ref6 30. Rae1 Qd6 31. Re5 fxg3 32. Qxg3 Rf3 33. Qxg4 R3f4
34. Qg3 Rf3 35. Qg4 1/2-1/2

[Event "Open d'Avoine 2017"]
[Site "Avoine"]
[Date "2017.07.22"]
[Round "9.46"]
[White "Charrais, Kevin"]
[Black "Viers, Emmanuel"]
[Result "0-1"]
[WhiteElo "1842"]
[BlackElo "2149"]
[PlyCount "70"]
[EventDate "2017.??.??"]

1. e4 c5 2. Nf3 Nc6 3. d4 cxd4 4. c3 d5 5. exd5 Qxd5 6. cxd4 e6 7. Nc3 Qd8 8.
Bc4 Nf6 9. O-O Be7 10. d5 exd5 11. Nxd5 Nxd5 12. Bxd5 O-O 13. Re1 Bf6 14. Bf4
Bg4 15. h3 {(=)} Bh5 16. Qd2 Qb6 17. Be3 Qa6 18. Bg5 Bxg5 19. Qxg5 Bg6 20. Nh4
Nb4 21. Nxg6 hxg6 22. Bb3 Nd3 23. Re2 Nc1 24. Re3 Nxb3 25. Rxb3 Rac8 26. Re1
Rfe8 27. Re7 Rxe7 28. Qxe7 Qxa2 29. Rxb7 a5 30. b3 Rc1+ 31. Kh2 Qxf2 32. Rb8+
Kh7 33. Qe5 Qg1+ 34. Kg3 Rc2 35. Qe4 Rc3+ 0-1

[Event "Open d'Avoine 2017"]
[Site "Avoine"]
[Date "2017.07.22"]
[Round "9.47"]
[White "Burille, Matthieu"]
[Black "Bourdeaux, Gabin"]
[Result "1-0"]
[WhiteElo "2135"]
[BlackElo "1868"]
[PlyCount "53"]
[EventDate "2017.??.??"]

1. Nf3 g6 2. e4 Bg7 3. d4 d6 4. Bc4 Nf6 5. Qe2 O-O 6. O-O c6 7. Bb3 h6 8. Nbd2
a5 9. a3 b5 10. Re1 Ba6 11. e5 Nd5 12. Qe4 dxe5 13. Nxe5 e6 14. Ndf3 Nf6 15.
Qh4 Nfd7 16. Qh3 Nxe5 17. dxe5 g5 18. Qh5 Re8 19. h4 gxh4 20. Bxh6 Bxh6 21.
Qxh6 Re7 22. Ng5 Rd7 23. Nxe6 fxe6 24. Bxe6+ Rf7 25. Qg6+ Kh8 26. Bxf7 Qf8 27.
Re4 1-0

[Event "Open d'Avoine 2017"]
[Site "Avoine"]
[Date "2017.07.22"]
[Round "9.48"]
[White "Flachet, Thierry"]
[Black "Nguyen-Cadoret, Nathan"]
[Result "1-0"]
[WhiteElo "2128"]
[BlackElo "1843"]
[PlyCount "153"]
[EventDate "2017.??.??"]

1. c4 e5 2. Nc3 Nf6 3. g3 d5 4. cxd5 Nxd5 5. Bg2 Be6 6. Nf3 Nc6 7. O-O Be7 8.
d3 O-O 9. a3 Nb6 10. b4 f6 11. Be3 Qe8 12. Ne4 Qf7 13. Nc5 Bxc5 14. Bxc5 Bb3
15. Qc1 Rfd8 16. b5 Ne7 17. a4 Nf5 18. Nd2 Nxa4 19. Bxb7 Rab8 20. Bc6 Nxc5 21.
Qxc5 Nd4 22. Rfe1 Rb6 23. Rxa7 Nxc6 24. bxc6 Bd5 25. Qxb6 cxb6 26. Rxf7 Kxf7
27. Rb1 Rc8 28. Rxb6 Rxc6 29. Rxc6 Bxc6 30. f3 Ke6 31. Kf2 Kd5 32. Ke3 h6 33.
h4 g6 34. f4 Ke6 35. fxe5 fxe5 36. Ne4 Kf5 37. Nf2 h5 38. Kd2 Ke6 39. Kc3 Kd5
40. e3 Kc5 41. d4+ exd4+ 42. exd4+ Kd5 43. Kd3 Bd7 44. Ke3 Bf5 45. Nd3 Kc4 46.
Nf4 Bb1 47. Ne6 Kd5 48. Nf8 Bc2 49. Nh7 Bf5 50. Nf6+ Ke6 51. Ne4 Kd5 52. Ng5
Bb1 53. Nf3 Bf5 54. Kf4 Be4 55. Nd2 Bf5 56. Ke3 Bc2 57. Nf3 Bf5 58. Ne5 Bb1 59.
Nd3 Kc4 60. Nf4 Bf5 61. Ne2 Bd3 62. Ng1 Bf5 63. Nf3 Kd5 64. Ng5 Bb1 65. Nh7 Bc2
66. Nf8 Bb1 67. Kf4 Kxd4 68. Kg5 Ke3 69. Nxg6 Kf3 70. Nf4 Kxg3 71. Nxh5+ Kf3
72. Nf4 Ke4 73. Ng6 Kd5 74. Kf6 Kd6 75. h5 Ba2 76. Kg7 Ke6 77. h6 1-0

[Event "Open d'Avoine 2017"]
[Site "Avoine"]
[Date "2017.07.22"]
[Round "9.49"]
[White "Degremont, Patrick"]
[Black "Budak, Rewi"]
[Result "0-1"]
[WhiteElo "1871"]
[BlackElo "2080"]
[PlyCount "84"]
[EventDate "2017.??.??"]

1. e4 c5 2. Nf3 Nc6 3. Bb5 a6 4. Bxc6 dxc6 5. O-O Bg4 6. Re1 Qc7 7. d3 e5 8.
Nbd2 Bd6 9. Nf1 Ne7 10. h3 Bh5 11. Ng3 Bg6 12. Nh4 f6 13. Be3 Bf7 14. Nhf5 g6
15. Nxe7 Bxe7 16. Ne2 Bd6 17. Nc3 Qd7 18. b3 h5 19. a4 b6 20. Ne2 Qc7 21. Qd2
h4 22. Nc3 {(=)} O-O-O 23. Nd1 Rdg8 24. Nb2 g5 25. f3 Be6 26. Nc4 Rh7 27. Nxd6+
Qxd6 28. Qc3 Qd7 29. Kh2 Rhg7 30. a5 g4 31. hxg4 Bxg4 32. Rg1 Bxf3 33. Qd2
Rxg2+ 34. Rxg2 Rxg2+ 35. Qxg2 Bxg2 36. Kxg2 Qg4+ 37. Kf2 Qg3+ 38. Ke2 Qg2+ 39.
Bf2 Qg4+ 40. Ke3 h3 41. Rg1 Qf4+ 42. Ke2 h2 0-1

[Event "Open d'Avoine 2017"]
[Site "Avoine"]
[Date "2017.07.22"]
[Round "9.50"]
[White "Pellegrini, Thibaud"]
[Black "Batteux, Mickael"]
[Result "1/2-1/2"]
[WhiteElo "1795"]
[BlackElo "2076"]
[PlyCount "121"]
[EventDate "2017.??.??"]

1. e4 Nf6 2. d3 d6 3. Nf3 g6 4. g3 Bg7 5. Bg2 O-O 6. O-O c6 7. Re1 Nbd7 8. Nbd2
Qc7 9. c3 b5 10. Nf1 Bb7 11. Bf4 e5 12. Bd2 Nb6 13. h4 Rad8 14. Qc1 Na4 15.
N3h2 Bc8 16. Bg5 Be6 17. Ne3 Nc5 18. Rd1 Rde8 19. b4 Na4 20. Rf1 a6 21. Bf3 Nd7
22. Ng2 f5 23. Bh6 fxe4 24. Bxe4 Nxc3 25. Qxc3 Bxh6 26. Qxc6 Rc8 27. Qxa6 Qb6
28. Qxb6 Nxb6 29. Ne3 d5 30. Bg2 Rc3 31. Rfc1 Rfc8 32. Rxc3 Rxc3 33. Bf1 d4 34.
Neg4 Bg7 35. Re1 Nd7 36. f4 Bxa2 37. fxe5 Nf8 38. Nf3 Be6 39. Nf6+ Bxf6 40.
exf6 Kf7 41. Nxd4 Kxf6 42. Nxb5 Rb3 43. Nc7 Bd7 44. Nd5+ Kg7 45. Re7+ Kh8 46.
Nf6 Bf5 47. Rf7 Rxb4 48. Rxf8+ Kg7 49. Nxh7 Kxh7 50. Rd8 Rb2 51. Rd4 Kg7 52. g4
Be6 53. Rf4 Rd2 54. h5 gxh5 55. gxh5 Bd5 56. Rf2 Rd1 57. Kh2 Bf7 58. Be2 Rd2
59. Kg3 Bxh5 60. Bxh5 Rxd3+ 61. Rf3 1/2-1/2